The faces of power: constancy and change in United States foreign policy from Truman to Johnson
Wedi'i Gadw mewn:
| Prif Awdur: | |
|---|---|
| Fformat: | Llyfr |
| Iaith: | Saesneg |
| Cyhoeddwyd: |
Nueva York
Columbia University
1968
|
| Pynciau: | |
| Tagiau: |
Ychwanegu Tag
Dim Tagiau, Byddwch y cyntaf i dagio'r cofnod hwn!
|
MARC
| LEADER | 00000nam a2200000 a 4500 | ||
|---|---|---|---|
| 001 | UCO8006 | ||
| 003 | CL-VaPUC | ||
| 008 | 001124e19680000US |||||||||||||||||eng|d | ||
| 082 | 0 | 4 | |a 327.73 |b BRO |2 21 |
| 100 | 0 | |a Brown, Seyom |e author |9 452823 | |
| 245 | 1 | 4 | |a The faces of power: constancy and change in United States foreign policy from Truman to Johnson |
| 300 | |a 403 p | ||
| 942 | |c BK | ||
| 945 | |d 20001124 00:00:00 |a crobeson | ||
| 260 | |a Nueva York |b Columbia University |c 1968 | ||
| 500 | |a Donación del profesor Manfred Wilhelmy von Wolff | ||
| 600 | 0 | 7 | |a TRUMAN, HARRY S |2 CL-VaPUC |9 376348 |
| 600 | 0 | 7 | |a EISENHOWER, DWIGHT DAVID |2 CL-VaPUC |9 316135 |
| 600 | 0 | |a Kennedy, John Fitzgerald |d 1917-1963 |9 859083 | |
| 650 | 0 | |a Política exterior |9 316628 | |
| 650 | 0 | |a Relaciones Internacionales |9 255740 | |
| 650 | 7 | |a EQUILIBRIO INTERNACIONAL |2 CL-VaPUC |9 314688 | |
| 651 | 0 | |a Estados Unidos |9 255178 | |
| 583 | |a last modification |c 20001124 00:00:00 |k Rodrigo Vera | ||
| 999 | |c 292818 |d 292816 | ||
| 952 | |0 0 |1 0 |4 0 |6 327_730000000000000_BRO_1968 |7 0 |8 A |9 343891 |a BIBHIS |b BIBHIS |d 2019-11-20 |i 1235249 |o 327.73 BRO 1968 |p 1235249 |r 2025-01-20 |w 2019-11-20 |y BK |k HIS | ||